00644 2200193 4500001002100000005001700021008004100038035002500079082001000104090002000114100001600134245014200150260004500292300002800337500002900365650002800394850001200422990001600434YOGYA-0209000000767820150420133905.0 ind  a0010-020900000007678 a388.1 aRQ 388.1bRiz K aRIZAL, Yose aKinerja transportasi jalur pantura Jakarta - Surabayabtesis untuk memenuhi sebagian persyaratan mencapai derajat sarjana S-2cYose Rizal aYogyakartabUniversitas Gajah Madac1999 ax, 104 hlmbilusc30 cm aBibliografi : hlm. 73-74 aPengangkutan jalan raya aYOPDYOG a351-PD/A.04